00281nam a2200109Ia 4500008004100000082001600041100001500057245004900072250000800121260003000129650001200159150201s2014 xx 000 0 und d a611bA2010S aSINGH,D.R. aESSENTIALS OF ANATOMY FOR DENTISTRY STUDENTS a1ST bWOLTER KLUWER PUBLICATION aANATOMY